Nigeria video films in Yoruba
Uloženo v:
| Hlavní autor: | |
|---|---|
| Médium: | Kniha |
| Jazyk: | angličtina |
| Vydáno: |
Centre for Black and African Arts and Civilization (CBAAC)
2014
|
| Tagy: |
Přidat tag
Žádné tagy, Buďte první, kdo vytvoří štítek k tomuto záznamu!
|
MARC
| LEADER | 00000nam a22000007a 4500 | ||
|---|---|---|---|
| 008 | 211105b ||||| |||| 00| 0 eng d | ||
| 022 | |a 9789789326730 | ||
| 100 | |a ADEOLA, Gbemisola | ||
| 245 | |a Nigeria video films in Yoruba |c Gbemisola Adeoti |e CBAAC Occasional monographs series |f 30 |g viii,63p. | ||
| 260 | |b Centre for Black and African Arts and Civilization (CBAAC) |c 2014 |h Lagos |i 680450 |i 680451 |i 680452 |i 680453 |l PN 1995.9.E9Ad3 |m Motion pictures - Yoruba (Nigeria). |m Motion pictures Evaluation |m Video recordings industry - Yoruba (Nigeria). |m Motion picture industry - Yoruba (Nigeria). | ||
| 500 | |a It has references and illustration | ||
| 942 | |a lcc |c BK |e Adeyeye Y. S. |f 05/ 11/12 | ||
| 952 | |0 0 |1 0 |2 lcc |4 0 |6 PN19959 E9 A D3 |7 0 |9 3854 |a HOL |b HOL |c LP |d 2021-11-05 |l 0 |o PN 1995.9 .E9Ad3 |p 2021-67584 |r 2021-11-05 00:00:00 |w 2021-11-05 |y BK | ||
| 952 | |0 0 |1 0 |2 lcc |4 0 |6 PN19959 E9 A D3 |7 0 |9 3855 |a HOL |b HOL |c LP |d 2021-11-05 |l 0 |o PN 1995.9 .E9Ad3 |p 2021-67585 |r 2021-11-05 00:00:00 |w 2021-11-05 |y BK | ||
| 952 | |0 0 |1 0 |2 lcc |4 0 |6 PN19959 E9 A D3 |7 0 |9 3856 |a HOL |b ART |c LP |d 2021-11-05 |l 0 |o PN 1995.9 .E9Ad3 |p 2021-67586 |r 2021-11-05 00:00:00 |w 2021-11-05 |y BK | ||
| 952 | |0 0 |1 0 |2 lcc |4 0 |6 PN19959 E9 A D3 |7 0 |9 3857 |a HOL |b ART |c LP |d 2021-11-05 |l 0 |o PN 1995.9 .E9Ad3 |p 2021-67587 |r 2021-11-05 00:00:00 |w 2021-11-05 |y BK | ||
| 999 | |c 1926 |d 1926 | ||